00500nam a2200109Ia 4500008004100000050002300041100003300064245016200097260008600259300003300345521001200378140724s9999 xx 000 0 und d aRT 42b.Al415 2008 aAlkuino, Maria Kim Angela O. aQuality of life of chronically III patients using spiritually index of well-being :ba framework for spiritual care guideline /cMaria Kim Angela O. Alkuino. aLas Piñas, Philippines :bSouthville International School and Colleges,cc2008. a70 p. :bcol. Ill. ;c28 cm. aNursing